|
|
|
|
| LEADER |
00000nab a2200000 i 4500 |
| 001 |
publ166 |
| 005 |
20170216151050.0 |
| 008 |
170216s2009 hu o 000 zxx d |
| 022 |
|
|
|a 1418-6241
|
| 040 |
|
|
|a BGE Publikációtár Repozitórium
|b hun
|
| 100 |
1 |
|
|a Bodnár László
|
| 245 |
1 |
2 |
|a A protokoll szerepe az üzleti életben
|c Bodnár László
|h [elektronikus dokumentum]
|
| 260 |
|
|
|c 2009
|
| 300 |
|
|
|a 57-63
|
| 490 |
0 |
|
|a EU Working Papers
|v No. 2. sz.
|
| 650 |
|
4 |
|a média- és kommunikációs tudományok
|
| 695 |
|
|
|a Protokoll
|
| 695 |
|
|
|a Üzleti élet
|
| 856 |
4 |
0 |
|u https://publikaciotar.uni-bge.hu/id/eprint/166/1/2009_2_06.pdf
|z Dokumentum-elérés
|